Normal view
MARC view
Entry Geographic Name
001 - CONTROL NUMBER
- control field: 540
003 - CONTROL NUMBER IDENTIFIER
- control field: csc
005 - DATE AND TIME OF LATEST TRANSACTION
- control field: 20140507162051.0
008 - FIXED-LENGTH DATA ELEMENTS
- fixed length control field: 121120|| aca||aabn | a|a d
040 ## - CATALOGING SOURCE
- Original cataloging agency: csc
- Transcribing agency: csc
151 ## - HEADING--GEOGRAPHIC NAME
- Geographic name: Argyll and Bute (Scotland)
- Form subdivision: Newspapers.
670 ## - SOURCE DATA FOUND
- Source citation: Work cat.: (csc)129: The Argyllshire advertiser., 1948-